The elements of astronomy (Record no. 1078)

MARC details
000 -LEADER
fixed length control field 00442nam a2200157Ia 4500
003 - CONTROL NUMBER IDENTIFIER
control field IN-BaIIA
008 - FIXED-LENGTH DATA ELEMENTS--GENERAL INFORMATION
fixed length control field 211028s9999 xx 000 0 eng d
040 ## - CATALOGING SOURCE
Transcribing agency IIA Library
080 ## - UNIVERSAL DECIMAL CLASSIFICATION NUMBER
Universal Decimal Classification number 52
Item number FAT
100 ## - MAIN ENTRY--PERSONAL NAME
Personal name Fath, Edward Arthur.
9 (RLIN) 2302
245 #4 - TITLE STATEMENT
Title The elements of astronomy
Statement of responsibility, etc. Edward Arthur Fath
260 ## - PUBLICATION, DISTRIBUTION, ETC.
Place of publication, distribution, etc. New York
Name of publisher, distributor, etc. McGraw-Hill
Date of publication, distribution, etc. 1944
300 ## - PHYSICAL DESCRIPTION
Extent xi, 386p.
650 ## - SUBJECT ADDED ENTRY--TOPICAL TERM
Topical term or geographic name entry element Astronomy
9 (RLIN) 80
942 ## - ADDED ENTRY ELEMENTS (KOHA)
Koha item type Books
Holdings
Withdrawn status Lost status Damaged status Not for loan Home library Current library Shelving location Date acquired Total Checkouts Full call number Barcode Date last seen Price effective from Koha item type
        IIA Library-Bangalore IIA Library-Kodaikanal General Stacks     52/ FAT 1136 05/11/2021   Books

Powered by Koha